Friends en 10 courtes vidéos #4 - Statistiques

Statistiques générales
  • Ce quiz a été pris 34 fois
  • Le résultat moyen est 4 sur 10
Statistiques - réponses
Vidéo Question Réponse % Correct
Complète la bonne réponse donné par Chandler à la question suivante de Ross "Rachel a toujours prétendu que c'était son film préféré ...." Chandler répond : "les _ _ _ _ _ _ _ s dangereuses" liaison
79%
Complète la réponse à la question posé par Ross aux filles : "Joey a eu un ami imaginaire durant son enfance et il s'appelait ?" _ _ _ _ _ _ _ Deuxième chance de répondre si vous n'avez pas la première réponse, complète la réponse de Rachel à la suite de la question posé par Ross "quelle était sa profession ? (de l'ami imaginaire) : Cowboy de l'_ _ _ _ _ _ Maurice / espace
79%
Complète la réponse à la question posé par Ross aux filles "Comment s'appelle le spectacle de striptease masculin de Las Vegas que préfère le père de Chandler ?" : Viva Las _ _ _ gas gay
52%
Dans l'épisode de cette scène culte, qu'est ce que Phoebe accepte d'être en deux mots ? _ _ _ _ - _ _ _ _ _ _ _ _ Mère porteuse
45%
Dans cet extrait, Joey va trouver au grand étonnement de Chandler le prénom de la grand-mère de Ross et Monica (celle qui était aussi appelée Nana / Joey et Chandler ont assité à son enterrement). Complète ce prénom : ALT_ _ _ hea
41%
Durant ce lancer de pile ou face, qui dit pile pour déterminer qui commence ? (2 erreurs tolérées : Chandler, Joey, Rachel, Monica ou Personne ?) - mieux vaut finir par cette question si vous faites 2 erreurs Personne
41%
Complète la bonne réponse trouvée par Monica à la question suivante posé par Ross "Selon Monsieur Chandler, quel phénomène est capable de lui filer une trouille bleue ? " : _ _ _ _ _ _ - _ _ _ _ _ _ _ _ le Michael Jackson blanc. (le prénom ou nom suffira) Claude François
34%
Donne au moins un des 3 mots manquants du nom de la catégorie en bleu en VF donné par Ross pour son quiz ? Les _ _ _ _s et les _ _ _ _ s _ _ _ _ _ s Peur(s) et Bête(s) noire(s)
28%
Ross poursuit son question réponse (en rapport à la précédente question) : "Exact, en réalité son film préféré est ..." Complète la bonne réponse donné par Joey cette fois : "Le Retour de _ _ _ _ _ _ _ _ Godzilla
24%
Sur la question finale où Rachel et Monica perdent leur appart, quelle réponse foireuse (plusieurs orthographes acceptées) donne finalement Rachel à la question "Quel est le métier de Chandler ?" (ce à quoi Monica lance "Mais enfin ce mot là n'existe pas" : ____________ Dévelopateur / Développateur / Dévelopeur / Développeur
17%
Aucun quiz correspondant
Distribution des résultats
% des personnes avec chaque résultat
Percentile par nombre de réponses
Votre historique - résultats
Vous n’avez pas pris ce quiz